Football - Les 10 plus gros transferts (2025-2026) - Statistiques

Statistiques générales
  • Ce quiz a été pris 110 fois
  • Le résultat moyen est 8 sur 10
Statistiques - réponses
Rang Club Précédent Nouveau Club Montant Joueur % Correct
1 Newcastle Liverpool 145 000 000 € Alexander Isak
99%
2 Leverkusen Liverpool 125 000 000 € Florian Wirtz
97%
3 Eintracht Francfort Liverpool 95 000 000 € Hugo Ekitike
95%
5 Napoli Galatasaray 75 000 000 € Victor Osimhen
90%
7 Brentford Manchester United 75 000 000 € Bryan Mbeumo
82%
4 Leipzig Manchester United 76 500 000 € Benjamin Sesko
75%
10 Real Sociedad Arsenal 70 000 000 € Martin Zubimendi
71%
9 Bournemouth Manchester City 72 000 000 € Antoine Semenyo
69%
8 Wolverhampton Manchester United 74 200 000 € Matheus Cunha
69%
6 Stuttgart Newcastle 75 000 000 € Nick Woltemade
69%
Aucun quiz correspondant
Distribution des résultats
% des personnes avec chaque résultat
Percentile par nombre de réponses
Votre historique - résultats
Vous n’avez pas pris ce quiz